[Event "POL-ch U26"]
[Site "Warsaw"]
[Date "1999.??.??"]
[Round "?"]
[White "Pekacki, Stanislaw"]
[Black "Ciszak, Daniel"]
[Result "0-1"]
[WhiteElo "2075"]
[BlackElo "2165"]
[PlyCount "150"]
[EventDate "1999.??.??"]
[EventType "swiss"]
[EventRounds "9"]
[EventCountry "POL"]
[SourceTitle "EXT 2002"]
[Source "ChessBase"]
[SourceDate "2001.11.25"]
[SourceVersion "1"]
[SourceVersionDate "2001.11.25"]
[SourceQuality "1"]

1. e4 e6 2. d4 d5 3. Nc3 Bb4 4. e5 c5 5. a3 Bxc3+ 6. bxc3 Qc7 7. Qg4 f5 8. Qg3 Ne7 9. Bd2 0-0 10. Nf3 cxd4 11. cxd4 Qxc2 12. Rc1 Qe4+ 13. Be2 Qg4 14. Rc7 Nbc6 15. Bb4 Nxb4 16. axb4 Nc6 17. b5 Qxg3 18. hxg3 Na5 19. Kd2 h6 20. Ke3 Rf7 21. Rxf7 Kxf7 22. Rc1 Bd7 23. Nd2 Rc8 24. Rxc8 Bxc8 25. Kd3 g5 26. Kc3 Kg6 27. Kb4 b6 28. f4 Nb7 29. Kc3 Nd8 30. Kc2 Bd7 31. Nf1 Kg7 32. Kd2 Nf7 33. Ne3 Kf8 34. Nc2 Ke7 35. Nb4 Nh8 36. Ke3 g4 37. Bd3 Ng6 38. Be2 Nh8 39. Kd2 Nf7 40. Kc3 Kd8 41. Bd3 Kc7 42. Na6+ Kb7 43. Be2 Kc8 44. Bd3 Kd8 45. Nb4 Ke7 46. Be2 Nd8 47. Bd3 Bc8 48. Be2 Bb7 49. Bf1 Kd7 50. Be2 Nf7 51. Kd2 Nh8 52. Ke3 Ng6 53. Bd3 Kc7 54. Be2 Nf8 55. Kd2 Nd7 56. Kc3 Nb8 57. Bd3 Bc8 58. Be2 Kb7 59. Bd3 Ka8 60. Be2 a6 61. bxa6 Ka7 62. Bb5 Bxa6 63. Bxa6 Nxa6 64. Nc6+ Ka8 65. Nd8 Nc7 66. Nf7 h5 67. Kb4 Kb7 68. Ng5 Kc6 69. Nh7 Nb5 70. Nf6 Nxd4 71. Nxh5 Nb5 72. Ng7 Nc7 73. Nh5 b5 74. Ng7 d4 75. Nh5 Ne8 0-1

[Event "POL-chT U18"]
[Site "Poland"]
[Date "1996.??.??"]
[Round "?"]
[White "Ciszak, Daniel"]
[Black "Jurkiewicz, Miroslaw"]
[Result "1-0"]
[WhiteElo "2090"]
[BlackElo "2115"]
[PlyCount "69"]
[EventDate "1996.??.??"]
[EventType "team"]
[EventRounds "11"]
[EventCountry "POL"]
[SourceTitle "EXT 1999"]
[Source "ChessBase"]
[SourceDate "1998.11.16"]
[SourceVersion "1"]
[SourceVersionDate "1998.11.16"]
[SourceQuality "1"]

1. c4 f5 2. g3 Nf6 3. d4 g6 4. Bg2 Bg7 5. Nf3 0-0 6. 0-0 d6 7. Nc3 Qe8 8. d5 Na6 9. Be3 c5 10. dxc6 bxc6 11. c5 Ng4 12. cxd6 Nxe3 13. fxe3 exd6 14. Qxd6 Qxe3+ 15. Kh1 Qc5 16. Qd2 Qb6 17. Rad1 Rb8 18. Na4 Qc7 19. b3 Re8 20. Rfe1 Nb4 21. e3 Bf6 22. Rc1 f4 23. gxf4 Bf5 24. Nd4 Be4 25. Bxe4 Rxe4 26. Nc5 Ree8 27. a3 Nd5 28. Na6 Qg7 29. Nxb8 Bxd4 30. Qxd4 Qxd4 31. exd4 Rxb8 32. b4 Nxf4 33. Rxc6 Rd8 34. Rc7 a6 35. Ree7 1-0

[Event "POL-chT U18"]
[Site "Poland"]
[Date "1996.??.??"]
[Round "?"]
[White "Ciszak, Daniel"]
[Black "Lewandowski, Rafal"]
[Result "1/2-1/2"]
[WhiteElo "2090"]
[BlackElo "2135"]
[PlyCount "133"]
[EventDate "1996.??.??"]
[EventType "team"]
[EventRounds "11"]
[EventCountry "POL"]
[SourceTitle "EXT 1999"]
[Source "ChessBase"]
[SourceDate "1998.11.16"]
[SourceVersion "1"]
[SourceVersionDate "1998.11.16"]
[SourceQuality "1"]

1. c4 e6 2. g3 d5 3. d4 c5 4. cxd5 exd5 5. Nf3 Nc6 6. Nc3 Nf6 7. Bg5 Be6 8. Bg2 Be7 9. 0-0 c4 10. Ne5 0-0 11. Nxc6 bxc6 12. b3 Qa5 13. Qd2 Rad8 14. bxc4 dxc4 15. Bxc6 Bb4 16. Rfc1 Qb6 17. Bxf6 gxf6 18. Be4 Qxd4 19. Qxd4 Rxd4 20. Bf3 Rfd8 21. e3 Rd3 22. Nb5 a6 23. Nc7 c3 24. a3 Ba5 25. Nxa6 Rd2 26. Nc5 Rb8 27. Ne4 Rbb2 28. Nxd2 Rxd2 29. Rab1 Ra2 30. Ra1 Rb2 31. Be4 Ba2 32. Kg2 h6 33. Rc2 Bd5 34. Bxd5 Rxc2 35. Be4 Rb2 36. a4 Kf8 37. Rc1 Ke7 38. Kf3 Ke6 39. Rd1 f5 40. Bd3 Rb4 41. Bc2 Rb2 42. Rc1 Kf6 43. Ke2 Kg5 44. h3 Kf6 45. Kd3 Rb8 46. Rd1 Rb4 47. Rb1 Rb2 48. Rc1 Rb4 49. Rd1 Rb2 50. Rb1 h5 51. Rd1 Rb4 52. Kxc3 Rxa4+ 53. Kd3 Ra3+ 54. Ke2 Ra2 55. Rc1 Rb2 56. h4 Kg6 57. Kd1 Bc3 58. f3 Kf6 59. Ke2 Kg6 60. g4 hxg4 61. fxg4 Bf6 62. gxf5+ Kh5 63. Kf3 Bxh4 64. Bd1 Rf2+ 65. Ke4+ Kg5 66. Bf3 Ra2 67. Rg1+ 1/2-1/2